Estadísticas para Países del Mundo con un Mapa Vacío - Versión Difícil

Haz click aquí para tomar la prueba!

Estadísticas generales

  • Esta prueba ha sido tomada 4.703 veces
  • La puntuación promedio es 172 de 196

Respuestas en el mapa

Las respuestas están codificadas por una escala verde-roja en el mapa de la prueba según el % correcto abajo.
Cargando...
 

Estadísticas de respuestas

País% Correcto
Canadá
98%
Estados Unidos
98%
México
98%
Argentina
97%
Brasil
97%
Colombia
97%
España
97%
Francia
97%
Rusia
97%
Alemania
96%
Bolivia
96%
Chile
96%
China
96%
Paraguay
96%
Perú
96%
Uruguay
96%
Venezuela
96%
Australia
95%
Ecuador
95%
Egipto
95%
Italia
95%
Panamá
95%
Portugal
95%
Costa Rica
94%
Cuba
94%
Finlandia
94%
Guatemala
94%
Guyana
94%
Honduras
94%
India
94%
Japón
94%
Mongolia
94%
Nicaragua
94%
Noruega
94%
Polonia
94%
Sudáfrica
94%
Suecia
94%
Suiza
94%
Ucrania
94%
Argelia
93%
Austria
93%
Bielorrusia
93%
Grecia
93%
Irak
93%
Irán
93%
Marruecos
93%
Reino Unido
93%
República del Congo
93%
República Democrática del Congo
93%
Surinam
93%
Turquía
93%
Afganistán
92%
Arabia Saudita
92%
Corea del Norte
92%
Corea del Sur
92%
Dinamarca
92%
Indonesia
92%
Kazajistán
92%
Níger
92%
Bélgica
91%
El Salvador
91%
Eslovaquia
91%
Hungría
91%
Lituania
91%
Nigeria
91%
Pakistán
91%
Rumania
91%
Andorra
90%
Croacia
90%
Eslovenia
90%
Estonia
90%
Etiopía
90%
Guinea
90%
Haití
90%
Irlanda
90%
Letonia
90%
Libia
90%
Nueva Zelanda
90%
Países Bajos
90%
República Checa
90%
Serbia
90%
Sudán
90%
Belice
89%
Bosnia y Herzegovina
89%
Bulgaria
89%
Chad
89%
Islandia
89%
Israel
89%
Kenia
89%
Luxemburgo
89%
Nepal
89%
República Dominicana
89%
Yemen
89%
Albania
88%
Angola
88%
Ciudad del Vaticano
88%
Macedonia del Norte
88%
Madagascar
88%
Omán
88%
Tailandia
88%
Vietnam
88%
Armenia
87%
Camerún
87%
Ghana
87%
Jamaica
87%
Kosovo
87%
Laos
87%
Malí
87%
Malta
87%
Moldavia
87%
Montenegro
87%
Senegal
87%
Sudán del Sur
87%
Tanzania
87%
Uzbekistán
87%
Azerbaiyán
86%
Bután
86%
Georgia
86%
Mauritania
86%
Mozambique
86%
Siria
86%
Somalia
86%
Zambia
86%
Catar
85%
Chipre
85%
Costa de Marfil
85%
Guinea Ecuatorial
85%
Jordania
85%
Lesoto
85%
Malasia
85%
Mónaco
85%
Myanmar
85%
República Centroafricana
85%
San Marino
85%
Túnez
85%
Turkmenistán
85%
Zimbabue
85%
Bahamas
84%
Bangladés
84%
Botsuana
84%
Camboya
84%
Emiratos Árabes Unidos
84%
Filipinas
84%
Kirguistán
84%
Líbano
84%
Namibia
84%
Papua Nueva Guinea
84%
Togo
84%
Uganda
84%
Eritrea
83%
Guinea-Bissau
83%
Liechtenstein
83%
Sri Lanka
83%
Taiwán
83%
Tayikistán
83%
Burkina Faso
82%
Dominica
82%
Gambia
82%
Liberia
82%
Ruanda
82%
Suazilandia
82%
Barbados
81%
Benín
81%
Cabo Verde
81%
Fiyi
81%
Gabón
81%
Malaui
81%
Mauricio
81%
Trinidad y Tobago
81%
Antigua y Barbuda
80%
Burundi
80%
Estados Federados de Micronesia
80%
Islas Marshall
80%
Kuwait
80%
Maldivas
80%
Santa Lucía
80%
Singapur
80%
Granada
79%
Islas Salomón
79%
San Vicente y las Granadinas
79%
Seychelles
79%
Sierra Leona
79%
Baréin
78%
Brunéi
78%
San Cristóbal y Nieves
78%
Comoras
77%
Kiribati
77%
Tonga
77%
Yibuti
77%
Santo Tomé y Príncipe
76%
Tuvalu
76%
Vanuatu
76%
Nauru
74%
Palaos
74%
Samoa
74%
Timor Oriental
74%

Distribución de puntuación

Porcentaje por número respondido

Porcentaje de gente con cada puntuación

Historial de tus puntuaciones

No has tomado esta prueba